000
00334nam a2200133Ia 4500
008
150301s2015 xx 000 0 und d
082
_a
615.1
_b
H11S
100
_a
P.D SETHI
245
_a
SETHI'S HPTLC HIGH PERFORMANCE THINLRYES CHROMATOGMPHY
260
_b
KANGPOSH PUB
300
_a
122
650
_a
PHARMACEUTICS
942
_2
ddc
_c
BK
999
_c
7204
_d
7204